| 000 -LEADER |
| fixed length control field |
00426nam a2200157Ia 4500 |
| 008 - FIXED-LENGTH DATA ELEMENTS--GENERAL INFORMATION |
| fixed length control field |
200103s 2006 ||||xx |||||||||||||| ||und|| |
| 100 ## - MAIN ENTRY--PERSONAL NAME |
| Personal name |
Fernandes, Errol |
| 245 #4 - TITLE STATEMENT |
| Title |
The rules and practice of ship construction |
| 250 ## - EDITION STATEMENT |
| Edition statement |
3rd ed. |
| 260 ## - PUBLICATION, DISTRIBUTION, ETC. (IMPRINT) |
| Name of publisher, distributor, etc |
Marinez Enterprises |
| Date of publication, distribution, etc |
2006 |
| Place of publication, distribution, etc |
Mumbai |
| 300 ## - PHYSICAL DESCRIPTION |
| Extent |
279p. |
| 650 ## - SUBJECT ADDED ENTRY--TOPICAL TERM |
| Topical term or geographic name as entry element |
Welding |
| 650 ## - SUBJECT ADDED ENTRY--TOPICAL TERM |
| Topical term or geographic name as entry element |
Shipyard Practice |
| 650 ## - SUBJECT ADDED ENTRY--TOPICAL TERM |
| Topical term or geographic name as entry element |
Passenger Ship Subdivision |
| 942 ## - ADDED ENTRY ELEMENTS (KOHA) |
| Item type |
Gratis Books |